• 首页
  • 本馆介绍
  • 公告通知
  • 最新文献
  • 馆藏检索
  • 电子资源
  • 读者导购
  • 参考咨询
  • 我的图书馆
  • 登录
  • 详细信息显示
  • 放入我的书架
  • 预约/预借图书
  • 作者相关作品
  • 分类相关作品
  • 丛书相关作品
  • 出版社相关作品

书目信息

  • 表格格式
  • 工作单格式
  • 卡片格式
题名:
随机过程
    
 
作者: 刘次华 著
分册:  
出版信息: 武汉   华中科技大学出版社  2004
页数: 199页
开本: 23cm
丛书名:
单 册:
中图分类: O211.6
科图分类:
主题词: 随机过程--研究生--教材
电子资源:
ISBN: 7-5609-2123-X
000 00846nam0 2200277 45
001 050000025369
005 20050919110306.60
010    @a7-5609-2123-X@dCNY18.80
100    @a20050112d2004 ekmy0chiy0120 ea
101 0  @achi@eeng
102    @aCN@b420000
105    @ay az 000yy
200 1  @a随机过程@Asui ji guo cheng@f刘次华著@Fliu ci hua zhu
205    @a2版
210    @a武汉@c华中科技大学出版社@d2004
215    @a199页@d23cm
300    @a研究生教学用书
300    @a公共基础课系列
320    @a有书目
330    @a本书主要内容有:随机过程的概念,泊松过程,马尔可夫链,连续时间的马尔可夫链,平稳随机过程,平稳随机过程的谱分析,时间序列分析等。
606 0  @a随机过程@x研究生@x教材
690    @aO211.6@v4
701  0 @a刘次华@Aliu ci hua@4著
801  0 @aCN@bTSSF@c20050919
905    @a10447@dO211.6@e155=2
999    @aHSJ
    
    随机过程/刘次华著.-2版.-武汉:华中科技大学出版社,2004
    199页;23cm
    研究生教学用书.-公共基础课系列
    
    ISBN 7-5609-2123-X:CNY18.80
    本书主要内容有:随机过程的概念,泊松过程,马尔可夫链,连续时间的马尔可夫链,平稳随机过程,平稳随机过程的谱分析,时间序列分析等。
●
相关链接 在E读中查询图书 在五车中查询图书 在当当中查询图书 在豆瓣中查询图书


正题名:随机过程     索取号:O211.6/155=2         预约/预借

序号 登录号 条形码 馆藏地/架位号 状态 备注
1 0361926   3619267   第二样本阅览室/ [索取号:O211.6/155=2] 在馆    
2 0361927   3619276   第三借阅区/ [索取号:O211.6/155=2] 在馆    
3 0361928   3619285   第三借阅区/ [索取号:O211.6/155=2] 在馆    
唐山师范学院图书馆 欢迎您!
大连网信软件有限公司© 版权所有